00350nam a22001097a 4500999001900000020001800019100001800037245004800055260003800103942000700141952009200148 c261785d261784 a9781945190445 aJanet Wiggins aMiss Millicent Monarch : A Butterfly's Tale aU.S.AbIntellect Publishingc2018 cBK 001040708FICa40404b40404cCHILDd2023-11-24l0pCL2021061r2023-11-24 00:00:00yBK